[Event "St Petersburg Blitz 2023"]
[Site "St Petersburg"]
[Date "2023.08.25"]
[Round "2"]
[White "Kezin, Roman"]
[Black "Kulnev, Aleksandr"]
[Result "1-0"]
[WhiteElo "2505"]
[BlackElo "2134"]
[PlyCount "137"]
[EventDate "2023.08.25"]
[EventType "game (blitz)"]
[EventRounds "11"]
[EventCountry "RUS"]
[SourceTitle "EXT 2024"]
[Source "ChessBase"]
[SourceDate "2023.10.10"]
[SourceVersion "1"]
[SourceVersionDate "2023.10.10"]
[SourceQuality "1"]

1. Nc3 d5 2. e4 d4 3. Nce2 c5 4. Ng3 Nc6 5. Nf3 e5 6. Bb5 Qc7 7. Bxc6+ bxc6 8. d3 Bd6 9. 0-0 Ne7 10. Nh4 f6 11. Nhf5 Bxf5 12. exf5 g6 13. Bh6 Nxf5 14. Nxf5 gxf5 15. Qh5+ Qf7 16. Qxf5 Rg8 17. g3 Rg6 18. Bd2 Qd7 19. Qh5 0-0-0 20. Rae1 Rdg8 21. Kh1 Qg4 22. Qxg4+ Rxg4 23. f3 R4g6 24. f4 h5 25. fxe5 Bxe5 26. Re4 Rg4 27. Rxg4 Rxg4 28. Kg2 Kd7 29. Rf5 h4 30. Be1 hxg3 31. hxg3 Ke6 32. Rh5 Kd5 33. b3 Rg7 34. Kf3 Re7 35. Bf2 Rg7 36. g4 Rf7 37. Rh8 Rg7 38. Bh4 Ke6 39. Rc8 Kd6 40. Rh8 Ke6 41. Rh6 Ke7 42. Rh5 Ke6 43. Rh8 Kd6 44. Ra8 Ke6 45. Rc8 Kd7 46. Rh8 Ke6 47. Rh5 Kd6 48. Bg3 Bxg3 49. Kxg3 Re7 50. Rh2 Re1 51. a4 Ke5 52. Rh5+ Kd6 53. Rh2 Ke5 54. Rf2 Re3+ 55. Kh4 Ke6 56. Rf5 Re5 57. Rf2 Re3 58. Kh5 Re5+ 59. Kh4 Re3 60. Rg2 Re5 61. Kg3 Re3+ 62. Kf4 Re1 63. Rf2 Re5 64. Rh2 Re1 65. Rh5 Re5 66. Rxe5+ fxe5+ 67. Ke4 Kf6 68. g5+ Kxg5 69. Kxe5 1-0

[Event "Belgrade Serbia op"]
[Site "Belgrade"]
[Date "2023.07.20"]
[Round "5"]
[White "Kulnev, Aleksandr"]
[Black "Popovic, Aleksandar M"]
[Result "1-0"]
[WhiteElo "2017"]
[BlackElo "2195"]
[PlyCount "30"]
[EventDate "2023.07.16"]
[EventType "swiss"]
[EventRounds "9"]
[EventCountry "SRB"]
[SourceTitle "CBM 215 Extra"]
[Source "ChessBase"]
[SourceDate "2023.09.30"]
[SourceVersion "1"]
[SourceVersionDate "2023.09.30"]
[SourceQuality "1"]

1. d4 Nf6 2. c4 c5 3. d5 e6 4. Nf3 exd5 5. cxd5 d6 6. Nc3 g6 7. Bf4 Bg7 8. h3 0-0 9. e3 Na6 10. Bxa6 bxa6 11. 0-0 Rb8 12. Qc2 Re8 13. Nd2 Rb4 14. Rfe1 Nh5 15. Bh2 Bf5 1-0

[Event "Belgrade Serbia op"]
[Site "Belgrade"]
[Date "2023.07.17"]
[Round "2"]
[White "Mijatovic, Dusan"]
[Black "Kulnev, Aleksandr"]
[Result "1-0"]
[WhiteElo "2213"]
[BlackElo "2017"]
[PlyCount "117"]
[EventDate "2023.07.16"]
[EventType "swiss"]
[EventRounds "9"]
[EventCountry "SRB"]
[SourceTitle "CBM 215 Extra"]
[Source "ChessBase"]
[SourceDate "2023.09.30"]
[SourceVersion "1"]
[SourceVersionDate "2023.09.30"]
[SourceQuality "1"]

1. e4 c5 2. Nf3 Nc6 3. Bb5 e6 4. Bxc6 bxc6 5. d3 Ne7 6. Nbd2 Qc7 7. h4 e5 8. h5 f6 9. Nh2 d5 10. Ng4 Ng8 11. Qf3 Bxg4 12. Qxg4 Qd7 13. Qf3 Nh6 14. Nf1 Ng8 15. Ne3 d4 16. Nc4 Bd6 17. Qg3 Bc7 18. f4 exf4 19. Bxf4 0-0-0 20. 0-0 Nh6 21. Rae1 Rhe8 22. a3 Re7 23. b4 cxb4 24. axb4 Qg4 25. Bxc7 Rxc7 26. Qxg4+ Nxg4 27. Rf5 Rb7 28. Na5 Rb6 29. Ra1 Kd7 30. Nb3 a6 31. Rfa5 Rxb4 32. Rxa6 Ne3 33. R1a2 Kd6 34. Ra7 Rd7 35. Rxd7+ Kxd7 36. Kf2 Ng4+ 37. Ke2 g6 38. Ra7+ Kd6 39. Rxh7 gxh5 40. Rxh5 Ne5 41. Rh6 Nd7 42. Nd2 Rb8 43. Nf3 Rg8 44. Nxd4 Rxg2+ 45. Ke3 Kc7 46. Rh7 Kd6 47. Nf5+ Kc7 48. c3 Rc2 49. Kd4 Ra2 50. Kc4 Ra8 51. d4 Rd8 52. Re7 Rf8 53. Ng7 Rh8 54. Rf7 Kd6 55. Nf5+ Kc7 56. d5 cxd5+ 57. Kxd5 Ra8 58. Ne3 Re8 59. Ng4 1-0

[Event "Paracin op 16th"]
[Site "Paracin"]
[Date "2023.07.12"]
[Round "6"]
[White "Becker, Marcel"]
[Black "Kulnev, Aleksandr"]
[Result "1-0"]
[WhiteElo "2323"]
[BlackElo "2017"]
[PlyCount "119"]
[EventDate "2023.07.07"]
[EventType "swiss"]
[EventRounds "9"]
[EventCountry "SRB"]
[SourceTitle "EXT 2024"]
[Source "ChessBase"]
[SourceDate "2023.10.10"]
[SourceVersion "1"]
[SourceVersionDate "2023.10.10"]
[SourceQuality "1"]

1. d4 Nf6 2. c4 g6 3. Nc3 d5 4. Bg5 Ne4 5. Bh4 c5 6. cxd5 Nxc3 7. bxc3 Qxd5 8. e3 Nc6 9. Qf3 Qf5 10. Bb5 Bd7 11. Qxf5 gxf5 12. Nf3 e6 13. 0-0 cxd4 14. exd4 Bd6 15. Rfd1 Nb8 16. Rab1 0-0 17. d5 e5 18. Bf1 b6 19. Bf6 Re8 20. Re1 e4 21. Nd4 h6 22. Nb5 Bxb5 23. Bxb5 Rc8 24. g4 a6 25. Bf1 Nd7 26. Bd4 Ne5 27. Bxe5 Bxe5 28. c4 Bd4 29. gxf5 Re8 30. Rbd1 Bc5 31. Bg2 e3 32. fxe3 Rxe3 33. Rxe3 Bxe3+ 34. Kh1 Rd8 35. d6 Kg7 36. Bb7 a5 37. d7 Kf6 38. Rd5 Bc5 39. Bc6 Be7 40. Kg2 Rg8+ 41. Kf3 Bd8 42. Rd6+ Kxf5 43. Rxh6 Ke5 44. Bd5 Rf8 45. Rc6 Rh8 46. Kg2 Rg8+ 47. Kh1 Rf8 48. a4 Kf4 49. Kg2 Rg8+ 50. Kf2 Rh8 51. Bxf7 Rxh2+ 52. Kg1 Rd2 53. Bd5 Bh4 54. Rc8 Rd1+ 55. Kg2 Ra1 56. Bc6 Rd1 57. Rf8+ Ke5 58. Re8+ Kf5 59. Be4+ Kf4 60. Bd5 1-0

[Event "Paracin op 16th"]
[Site "Paracin"]
[Date "2023.07.11"]
[Round "5"]
[White "Kulnev, Aleksandr"]
[Black "Vatsal, Singhania"]
[Result "1/2-1/2"]
[WhiteElo "2017"]
[BlackElo "2227"]
[PlyCount "103"]
[EventDate "2023.07.07"]
[EventType "swiss"]
[EventRounds "9"]
[EventCountry "SRB"]
[SourceTitle "EXT 2024"]
[Source "ChessBase"]
[SourceDate "2023.10.10"]
[SourceVersion "1"]
[SourceVersionDate "2023.10.10"]
[SourceQuality "1"]

1. d4 Nf6 2. c4 e6 3. Nf3 d5 4. g3 dxc4 5. Bg2 a6 6. Ne5 Bb4+ 7. Nc3 c5 8. dxc5 Qxd1+ 9. Kxd1 Bxc5 10. Nxc4 Nbd7 11. Na4 Ba7 12. Nd6+ Ke7 13. Nxc8+ Raxc8 14. Bxb7 Rc7 15. Bxa6 Ng4 16. Ke1 Bxf2+ 17. Kf1 Ra8 18. Bb5 Ra5 19. Nc3 Bd4 20. a4 Rc5 21. Kg2 Bxc3 22. bxc3 Rcxb5 23. axb5 Rxa1 24. Bg5+ f6 25. Bxf6+ Ngxf6 26. Rxa1 Nd5 27. Ra3 Kd6 28. Kf3 Nc7 29. c4 Ne5+ 30. Ke4 Nxc4 31. Rc3 Na5 32. Rd3+ Nd5 33. Ra3 Nb7 34. Ra7 Nc5+ 35. Kd4 Nd7 36. e4 e5+ 37. Kc4 N5f6 38. Ra6+ Ke7 39. b6 Nxe4 40. Ra7 Nd6+ 41. Kd5 Nc8 42. Rxd7+ Kxd7 43. b7 Ne7+ 44. Kxe5 Nc6+ 45. Kf5 Kd6 46. h4 Nb8 47. h5 Nd7 48. g4 Ke7 49. g5 Kd6 50. b8Q+ Nxb8 51. h6 gxh6 52. gxh6 1/2-1/2

[Event "Paracin op 16th"]
[Site "Paracin"]
[Date "2023.07.07"]
[Round "1"]
[White "Kulnev, Aleksandr"]
[Black "Ristic, Nenad"]
[Result "0-1"]
[WhiteElo "2017"]
[BlackElo "2248"]
[PlyCount "55"]
[EventDate "2023.07.07"]
[EventType "swiss"]
[EventRounds "9"]
[EventCountry "SRB"]
[SourceTitle "EXT 2024"]
[Source "ChessBase"]
[SourceDate "2023.10.10"]
[SourceVersion "1"]
[SourceVersionDate "2023.10.10"]
[SourceQuality "1"]

1. d4 Nf6 2. c4 c5 3. d5 b5 4. cxb5 a6 5. e3 axb5 6. Bxb5 g6 7. Nc3 Bg7 8. a4 0-0 9. e4 Ba6 10. Qc2 e6 11. dxe6 fxe6 12. Nf3 d5 13. Bg5 Qa5 14. Bd2 Qb6 15. exd5 exd5 16. 0-0 Kh8 17. Bxa6 Nxa6 18. Ne2 Rab8 19. Nf4 Qxb2 20. Nxg6+ hxg6 21. Qxg6 Nb4 22. Bh6 Nh7 23. Rac1 Bxh6 24. Qxh6 Rxf3 25. gxf3 Rg8+ 26. Kh1 Nd3 27. Qe3 Nxc1 28. Qxc1 0-1

[Event "Ecka Rain Band 1st"]
[Site "Ecka"]
[Date "2023.06.19"]
[Round "7.2"]
[White "Besedes, Danilo"]
[Black "Kulnev, Aleksandr"]
[Result "1-0"]
[WhiteElo "2274"]
[BlackElo "2173"]
[PlyCount "77"]
[EventDate "2023.06.13"]
[EventType "schev"]
[EventRounds "9"]
[EventCountry "SRB"]
[SourceTitle "CBM 214 Extra"]
[Source "ChessBase"]
[SourceDate "2023.07.31"]
[SourceVersion "1"]
[SourceVersionDate "2023.07.31"]
[SourceQuality "1"]
[WhiteTeam "Team C"]
[BlackTeam "Team D"]
[WhiteTeamCountry "SRB"]
[BlackTeamCountry "SRB"]

1. d4 Nf6 2. c4 g6 3. g3 c6 4. Bg2 d5 5. Nd2 Bg7 6. e3 0-0 7. Ne2 Nbd7 8. 0-0 e5 9. cxd5 Nxd5 10. Nb3 a5 11. e4 N5b6 12. a4 exd4 13. Nexd4 Qe7 14. Qc2 Rd8 15. Be3 c5 16. Nb5 c4 17. Nd2 Qb4 18. Ra2 Nc5 19. Nc7 Be6 20. Nxa8 Rxa8 21. Nf3 Nbxa4 22. Bd4 c3 23. bxc3 Nxc3 24. Rb2 Qc4 25. Bxg7 Kxg7 26. Ra1 N3a4 27. Bf1 Qc3 28. Qxc3+ Nxc3 29. Nd4 Bd7 30. f3 b5 31. Bxb5 Nxb5 32. Nxb5 a4 33. Nc3 Ra7 34. Ra3 Kf6 35. Rb4 Ke6 36. Rc4 Nd3 37. Nxa4 Bb5 38. Rcc3 Ra6 39. Rxd3 1-0

[Event "Ecka Rain Band 1st"]
[Site "Ecka"]
[Date "2023.06.17"]
[Round "5.2"]
[White "Kulnev, Aleksandr"]
[Black "Atalik, Suat"]
[Result "0-1"]
[WhiteElo "2173"]
[BlackElo "2442"]
[PlyCount "44"]
[EventDate "2023.06.13"]
[EventType "schev"]
[EventRounds "9"]
[EventCountry "SRB"]
[SourceTitle "CBM 214 Extra"]
[Source "ChessBase"]
[SourceDate "2023.07.31"]
[SourceVersion "1"]
[SourceVersionDate "2023.07.31"]
[SourceQuality "1"]
[WhiteTeam "Team D"]
[BlackTeam "Team B"]
[WhiteTeamCountry "SRB"]
[BlackTeamCountry "SRB"]

1. d4 Nf6 2. c4 e6 3. Nf3 d5 4. g3 Nbd7 5. Qc2 dxc4 6. Qxc4 a6 7. Bg2 c5 8. 0-0 b5 9. Qc2 Bb7 10. a4 b4 11. b3 Rc8 12. Qd1 cxd4 13. Nxd4 Bxg2 14. Kxg2 Nc5 15. f4 g6 16. Bb2 Bg7 17. Nd2 0-0 18. Rc1 Ng4 19. Nc4 Nxa4 20. bxa4 Rxc4 21. Qd3 Rxd4 22. Bxd4 Qxd4 0-1

[Event "Ecka Rain Band 1st"]
[Site "Ecka"]
[Date "2023.06.14"]
[Round "2.2"]
[White "Kulnev, Aleksandr"]
[Black "Drazic, Sinisa"]
[Result "0-1"]
[WhiteElo "2173"]
[BlackElo "2386"]
[PlyCount "124"]
[EventDate "2023.06.13"]
[EventType "schev"]
[EventRounds "9"]
[EventCountry "SRB"]
[SourceTitle "CBM 214 Extra"]
[Source "ChessBase"]
[SourceDate "2023.07.31"]
[SourceVersion "1"]
[SourceVersionDate "2023.07.31"]
[SourceQuality "1"]
[WhiteTeam "Team D"]
[BlackTeam "Team B"]
[WhiteTeamCountry "SRB"]
[BlackTeamCountry "SRB"]

1. d4 e6 2. Nf3 c5 3. c4 cxd4 4. Nxd4 Nf6 5. Nc3 Nc6 6. Nxc6 bxc6 7. e4 d6 8. Be2 Be7 9. 0-0 e5 10. Be3 0-0 11. h3 Be6 12. Qc2 Qc7 13. Rac1 a5 14. Rfd1 h6 15. Kh1 Rfd8 16. Na4 Rab8 17. f4 exf4 18. Bxf4 Rb4 19. b3 Qa7 20. Nc3 Qc5 21. Na4 Qf2 22. Bf3 Qh4 23. Bd2 Nd7 24. Be1 Qg5 25. Bxb4 axb4 26. Qe2 Bf6 27. Rc2 Be5 28. g4 Qh4 29. Bg2 Ra8 30. Kg1 c5 31. Rd3 Ra6 32. Qf2 Qg5 33. Bf3 Qg6 34. Kf1 Nf6 35. Qe2 Qg5 36. Nb2 Rxa2 37. Nd1 Ra1 38. Ra2 Rxa2 39. Qxa2 Qh4 40. Qg2 g6 41. Ne3 Kf8 42. Rd2 Bc3 43. Rd1 Qg5 44. Qe2 Qf4 45. Nd5 Bxd5 46. exd5 Nd7 47. Qe4 Qg3 48. Bg2 Ne5 49. Rc1 Bd4 50. Qc2 Qe3 51. Be4 Qxh3+ 52. Qg2 Qxb3 53. Qe2 Kg7 54. Kg2 Qe3 55. Qxe3 Bxe3 56. Rc2 Bd4 57. Kg3 b3 58. Rc1 b2 59. Rd1 Nxc4 60. Bb1 Na3 61. Ba2 Be5+ 62. Kf3 Kf6 0-1

[Event "Cheliabinsk Lozovatsky Memorial-A"]
[Site "Cheliabinsk"]
[Date "2023.02.04"]
[Round "9"]
[White "Rezvy, Lev"]
[Black "Kulnev, Aleksandr"]
[Result "0-1"]
[WhiteElo "2103"]
[BlackElo "2148"]
[PlyCount "64"]
[EventDate "2023.01.27"]
[EventType "swiss"]
[EventRounds "10"]
[EventCountry "RUS"]
[SourceTitle "CBM 212 Extra"]
[Source "ChessBase"]
[SourceDate "2023.03.31"]
[SourceVersion "1"]
[SourceVersionDate "2023.03.31"]
[SourceQuality "1"]

1. d4 Nf6 2. c4 g6 3. g3 Bg7 4. Nf3 c5 5. d5 d6 6. Nc3 a6 7. a4 0-0 8. Bg2 e6 9. 0-0 exd5 10. cxd5 Re8 11. Bf4 Qc7 12. Nd2 Nh5 13. Be3 Rxe3 14. fxe3 Nd7 15. Nc4 Nb6 16. Qb3 Nxc4 17. Qxc4 Qe7 18. Qd3 Nf6 19. e4 Ng4 20. Rab1 Bd4+ 21. Kh1 Qf8 22. Rf4 Qh6 23. Rxg4 Bxg4 24. Bf3 Bd7 25. a5 Be5 26. Bg2 c4 27. Qf3 Qd2 28. Qf1 Rc8 29. Qf2 Rc5 30. Rf1 f6 31. Rb1 Qc2 32. Qg1 Kf7 0-1

[Event "Cheliabinsk Panchenko Memorial op-A"]
[Site "Cheliabinsk"]
[Date "2022.09.17"]
[Round "6"]
[White "Kulnev, Aleksandr"]
[Black "Safin, Timur"]
[Result "1-0"]
[WhiteElo "2046"]
[BlackElo "2222"]
[PlyCount "55"]
[EventDate "2022.09.12"]
[EventType "swiss"]
[EventRounds "10"]
[EventCountry "RUS"]
[SourceTitle "CBM 210 Extra"]
[Source "ChessBase"]
[SourceDate "2022.11.30"]
[SourceVersion "1"]
[SourceVersionDate "2022.11.30"]
[SourceQuality "1"]

1. d4 Nf6 2. c4 c6 3. Nf3 d5 4. e3 e6 5. Nbd2 Nbd7 6. Bd3 Bd6 7. 0-0 0-0 8. e4 e5 9. cxd5 cxd5 10. Re1 Re8 11. exd5 exd4 12. Rxe8+ Qxe8 13. Nc4 Bc5 14. d6 Nb6 15. Bf4 Be6 16. Rc1 Nxc4 17. Bxc4 Bxc4 18. Rxc4 Ne4 19. Nd2 Bxd6 20. Rxd4 Nxf2 21. Kxf2 Bc5 22. Nb3 Bxd4+ 23. Qxd4 Rc8 24. Qd3 Qa4 25. Be5 Qxa2 26. Qd7 Rc2+ 27. Nd2 h6 28. Qd8+ 1-0

[Event "Voronezh Petrovsky op"]
[Site "Voronezh"]
[Date "2022.06.17"]
[Round "9"]
[White "Zhurova, Anna"]
[Black "Kulnev, Aleksandr"]
[Result "1/2-1/2"]
[WhiteElo "2178"]
[BlackElo "1781"]
[PlyCount "58"]
[EventDate "2022.06.10"]
[EventType "swiss"]
[EventRounds "9"]
[EventCountry "RUS"]
[SourceTitle "EXT 2023"]
[Source "ChessBase"]
[SourceDate "2022.10.05"]
[SourceVersion "1"]
[SourceVersionDate "2022.10.05"]
[SourceQuality "1"]

1. e4 c5 2. Nf3 d6 3. d4 cxd4 4. Nxd4 Nf6 5. Nc3 a6 6. Be3 e5 7. Nb3 Be6 8. Qd2 Be7 9. f3 0-0 10. g4 d5 11. g5 d4 12. gxf6 Bxf6 13. Nd1 dxe3 14. Qxd8 Rxd8 15. Nxe3 Bh4+ 16. Ke2 Nc6 17. c3 b6 18. Rd1 Ne7 19. Rd3 Ng6 20. Kd1 Bg5 21. Nd5 Nf4 22. Nxf4 Bxf4 23. Kc2 Rxd3 24. Bxd3 a5 25. c4 Rc8 26. Kc3 a4 27. Nc1 Bh3 28. Bf1 Be6 29. Bd3 Bh3 1/2-1/2

[Event "Chigorin Memorial 27th"]
[Site "St Petersburg"]
[Date "2019.10.12"]
[Round "8"]
[White "Kulnev, Aleksandr"]
[Black "Shilo, Kirill"]
[Result "1-0"]
[WhiteElo "1536"]
[BlackElo "1824"]
[PlyCount "73"]
[EventDate "2019.10.05"]
[EventType "swiss"]
[EventRounds "9"]
[EventCountry "RUS"]
[SourceTitle "EXT 2021"]
[Source "ChessBase"]
[SourceDate "2020.10.23"]
[SourceVersion "1"]
[SourceVersionDate "2020.10.23"]
[SourceQuality "1"]

1. d4 Nf6 2. Bf4 g6 3. Nf3 d6 4. e3 Nh5 5. Bg5 h6 6. Bh4 g5 7. Nfd2 Ng7 8. Bg3 Nf5 9. Bd3 Bg7 10. Qf3 Nxg3 11. hxg3 Nd7 12. Nc3 c5 13. Ne2 Qc7 14. c3 Nf6 15. Bb5+ Bd7 16. Bxd7+ Nxd7 17. g4 Nf6 18. Ne4 Nxe4 19. Qxe4 e6 20. d5 0-0-0 21. dxe6 Rde8 22. Qa4 fxe6 23. Qxa7 Qc6 24. f3 d5 25. Qa3 Be5 26. Qb3 Bc7 27. 0-0-0 Qa6 28. Kd2 e5 29. Ng3 e4 30. Nf5 d4 31. cxd4 cxd4 32. Nxd4 exf3 33. gxf3 Qa5+ 34. Qc3 Qxa2 35. Rc1 Qf7 36. Ne6 Rxe6 37. Qxh8+ 1-0

[Event "Chigorin Memorial 27th"]
[Site "St Petersburg"]
[Date "2019.10.07"]
[Round "3"]
[White "Sladkov, Andrey"]
[Black "Kulnev, Aleksandr"]
[Result "0-1"]
[WhiteElo "1806"]
[BlackElo "1536"]
[PlyCount "110"]
[EventDate "2019.10.05"]
[EventType "swiss"]
[EventRounds "9"]
[EventCountry "RUS"]
[SourceTitle "EXT 2020"]
[Source "ChessBase"]
[SourceDate "2019.10.17"]
[SourceVersion "1"]
[SourceVersionDate "2019.10.17"]
[SourceQuality "1"]

1. e4 c5 2. c3 d5 3. exd5 Qxd5 4. Nf3 Nc6 5. d4 Bg4 6. Be2 cxd4 7. cxd4 e6 8. Nc3 Bb4 9. 0-0 Bxc3 10. bxc3 Nge7 11. Qb3 0-0 12. Ba3 Rfc8 13. h3 Bf5 14. Rac1 Rc7 15. Nh4 Be4 16. Bf3 g5 17. Bxe4 Qxe4 18. Nf3 g4 19. Rfe1 Qg6 20. hxg4 Qxg4 21. Ne5 Nxe5 22. dxe5 Nd5 23. Qd1 Qxd1 24. Rexd1 Rac8 25. Rd4 Rc4 26. Rxc4 Rxc4 27. Bb2 b5 28. f3 Nf4 29. Rc2 Nd3 30. Ba1 Nxe5 31. Kf2 a6 32. Ke3 Kf8 33. g4 Nc6 34. Rh2 Kg7 35. Rd2 Ne7 36. Rd6 Nd5+ 37. Kd3 Nc7 38. Rd4 Rc6 39. c4 Kf8 40. cxb5 Nxb5 41. Rd8+ Ke7 42. Rh8 Rd6+ 43. Ke3 Rd1 44. Bg7 Re1+ 45. Kf4 Rh1 46. g5 Nc7 47. Be5 Nd5+ 48. Kg4 Rg1+ 49. Kh4 Rf1 50. Kg3 Rg1+ 51. Kh4 Ne3 52. Ra8 Nf5+ 53. Kh3 Rxg5 54. Rxa6 Rh5+ 55. Kg2 Ne3+ 0-1